Historia de las ideas en América española y otros ensayos

Spremljeno u:
Bibliografski detalji
Glavni autori: Góngora del Campo, Mario (autor), Guerrero, Oscar Julián (Autor)
Format: Knjiga
Jezik:španjolski
Izdano: Medellín Universidad de Antioquia 2003
Izdanje:1a. ed
Serija:Clásicos del Pensamiento Hispanoamericano
Teme:
Oznake: Dodaj oznaku
Bez oznaka, Budi prvi tko označuje ovaj zapis!

MARC

LEADER 00000cam a2200000 a 4500
001 UCE3818
003 CL-VaPUC
008 140925e20030000ck |||||||||||||||||spa|d
020 |a 9789586556581 
082 0 4 |a 980.013  |b GON  |2 21 
100 |a Góngora del Campo, Mario  |e autor  |9 589641 
700 0 |a Guerrero, Oscar Julián  |e author  |9 576332 
245 1 0 |a Historia de las ideas en América española y otros ensayos 
250 |a 1a. ed 
300 |a 320 p 
942 |c BK 
945 |d 20140925 17:45:00  |a arojas 
260 |a Medellín  |b Universidad de Antioquia  |c 2003 
650 0 |a Historia de América  |9 266076 
650 7 |a DESCUBRIMIENTO  |2 CL-VaPUC  |9 321428 
650 0 |a Conquista  |9 339504 
650 7 |a FILOSOFIA POLITICA  |2 CL-VaPUC  |9 576333 
583 |a last modification  |c 20160913 04:46:28  |k Rodrigo Vera 
490 0 |a Clásicos del Pensamiento Hispanoamericano 
999 |c 356957  |d 356955 
952 |0 0  |1 0  |3 erb  |4 0  |6 980_013000000000000_GON_2003  |7 0  |8 A  |9 464751  |a BIBEDU  |b BIBEDU  |i 5115442  |o 980.013 GON 2003  |p 5115442  |r 2019-11-23  |w 2019-11-23  |y BK  |z Catalogado en:20140925  |k FIL